Statistics for Provinces and territories of Canada with capitals

Click here to take the quiz!

General Stats

  • This quiz has been taken 11 times
  • The average score is 8 of 13

Answer Stats

ProvinceCapital% Correct
OntarioToronto
100%
AlbertaEdmonton
71%
QuébecQuébec city
71%
SaskatchewanRegina
71%
North West
Territories
Yellowknife
71%
Prince Edward
Island
Charlottetown
57%
NunavutIqaluit
57%
British
Columbia
Victoria
57%
YukonWhitehorse
57%
New BrunswickFredericton
43%
ManitobaWinnipeg
43%
Nova ScotiaHalifax
29%
Newfoundland
and Labrador
St John's
29%

Score Distribution

Percentile by Number Answered

Percent of People with Each Score

Your Score History

You have not taken this quiz